Tiburón ballena : (Registro nro. 6735)

Detalles MARC
000 -CABECERA
campo de control de longitud fija 00990nam a2200253 4500
008 - CÓDIGOS DE INFORMACIÓN DE LONGITUD FIJA
fixed length control field 200701s2005 ck a|||br|||| 00| 0dspa d
040 ## - Fuente de catalogación
Agencia original de catalogación CO-JMCR
Agencia de transcripción CO-JMCR
041 0# - CÓDIGO DE LENGUA
Código idioma spa
082 04 - NÚMERO DE LA CLASIFICACIÓN DECIMAL DEWEY
Número de clasificación Decimal C /
Número de documento (Cutter) RESt
Edition number 23
100 1# - PUNTO DE ACCESO PRINCIPAL-NOMBRE DE PERSONA
Nombre personal Restrepo Gómez, Alonso,
Fechas asociadas al nombre autor
9 (RLIN) 6389
245 ## - TÍTULO PROPIAMENTE DICHO
Título Tiburón ballena :
Parte restante del título El pez más grande del mundo /
Mención de responsabilidad, etc. Alonso Restrepo Gómez
250 ## - DECLARACIÓN DE EDICIÓN
Declaración de edición Primera edición
260 ## - PUBLICACIÓN, DISTRIBUCIÓN, ETC. (PIE DE IMPRENTA)
Lugar de publicación, distribución, etc. Bogotá :
Nombre del editor, distribuidor, etc. Panamericana,
Fecha de publicación, distribución, etc. 2005
300 ## - DESCRIPCIÓN FÍSICA
Extensión 41 páginas :
Otros detalles físicos ilustraciones a color ;
Dimensiones 28 cm.
440 0# - SERIES
Titulo Colección : Osito de anteojos
9 (RLIN) 6390
500 ## - NOTA GENERAL
Nota general Datos biográficos del autor en páginas [41].
520 0# - RESUMEN, ETC.
Resumen,etc. Shava avanzaba muy preocupada, varios tiburones ballena, ademas de los que ella había visto morir, habían faltado a la cita.
521 1# - TARGET AUDIENCE NOTE
Target audience note Cuento infantil.
650 14 - TÉRMINO DE MATERIA
subdivision Geografica Colombia
9 (RLIN) 6391
650 24 - TÉRMINO DE MATERIA
9 (RLIN) 6392
650 24 - TÉRMINO DE MATERIA
9 (RLIN) 6393
Existencias
Withdrawn status Lost status Source of classification or shelving scheme Damaged status Not for loan Collection code Home library Current library Shelving location Date acquired Source of acquisition Cost, normal purchase price Total Checkouts Total Renewals Full call number Barcode Date last seen Date last checked out Copy number Price effective from Koha item type
    Dewey Decimal Classification     Fiction Biblioteca Pública José María del Castillo y Rada Biblioteca Pública José María del Castillo y Rada Fiction 04/15/2018 Donación 0.00 8 2 C / RESt 201809842 02/24/2026 02/24/2026 Ej.1 04/15/2018 Books